《皇后大道东》歌词填空 Lyrics to "Queen's Road East" - Statistics

General Stats
  • This quiz has been taken 56 times
  • The average score is 18 of 24
Answer Stats
《皇后大道东》 % Correct
{知己一声拜拜}远去这都市
89%
要靠{伟大同志搞搞新意思}
89%
{知己一声拜拜}远去这都市
89%
要靠{伟大同志搞搞新意思}
89%
{知己一声拜拜}远去这都市
89%
要靠{伟大同志搞搞新意思}
89%
但是{旺角}可能要换换名字
84%
若做{大国公民} 只须身有钱
84%
有个{贵族朋友}在硬币背后
80%
因此批准马匹{一周跑两天}
80%
{青春不变} 名字叫做皇后
76%
但是换季可能{靠特异人士}
73%
硬币上那尊容变{烈士铜像}
73%
每次买卖随我{到处去奔走}
71%
面上没有表情 却{汇聚成就}
69%
{冷暖气候}同样影响这都市
69%
到了那日同庆 {个个要鼓掌}
67%
这个{漂亮朋友}道别亦漂亮
64%
这个{正义朋友}面善又友善
62%
会有{铁路城巴} 也会有的士
62%
但是{路线}可能要问问何事
60%
{照买照卖楼花}处处有单位
58%
百姓也自然要{斗快过终点}
58%
夜夜电视荧幕{继续旧形象}
49%
No matching quizzes found
Score Distribution
Percent of People with Each Score
Percentile by Number Answered
Your Score History
You have not taken this quiz